| 000 | 00419nam a22001697a 4500 | ||
|---|---|---|---|
| 005 | 20160614143832.0 | ||
| 008 | 160614b xxu||||| |||| 00| 0 eng d | ||
| 020 | _a978-81-317-2764-5 | ||
| 041 | _aeng | ||
| 082 | _b7468 | ||
| 100 |
_arobbins, Stephen P _91636 |
||
| 245 | _aEssentials of Organizational Behaviour | ||
| 260 |
_aDelhi _bpearson education |
||
| 300 | _a281 | ||
| 650 |
_aManagement _9241 |
||
| 942 | _cBK | ||
| 999 |
_c2672 _d2671 |
||